LEADER 00972nam0-22003131i-450- 001 990001020930403321 005 20040519122246.0 035 $a000102093 035 $aFED01000102093 035 $a(Aleph)000102093FED01 035 $a000102093 100 $a20020001d--------km-y0itay50------ba 101 0 $aeng 200 1 $aStatistical Physics$fby L.D. Landau and E. M. Lifshitz$gtranslated from the russian by E. Pierls amd R.F. Peierls 210 $aLondon [etc.]$cPergamon Press$d1958 225 1 $aCourse of theoretical physics$v5 610 0 $aMeccanica statistica 676 $a530.13 700 1$aLandau,$bLev Davidovich$f<1908-1968>$040436 702 1$aLifsic,$bEvgenij Mihailovic$f<1915-1985> 702 1$aPeierls,$bE. 801 0$aIT$bUNINA$gRICA$2UNIMARC 901 $aBK 912 $a990001020930403321 952 $a21-008F$b788$fFI1 952 $a21-008.003F$b14016$fFI1 959 $aFI1 996 $aStatistical Physics$9119190 997 $aUNINA LEADER 01462nam a2200301 a 4500 001 991003775219707536 008 020 $a9788869925849 035 $ab14385521-39ule_inst 040 $aDip.to di Storia, Società e Studi sull'Uomo$bita 082 0 $a370 100 1 $aColazzo, Salvatore$0451457 245 13$aLa comunità come risorsa :$bepistemiologia, metodologia e fenomenologia dell'intervento di comunità : un approccio interdisciplinare 260 $aRoma :$bArmando, $c2019 300 $a287 p. ;$c21 cm 490 0 $aLe frontiere della pedagogia 650 4$aPedagogia sociale 700 1 $aManfreda, Ada 907 $a.b14385521$b11-03-20$c09-03-20 912 $a991003775219707536 945 $aLE023 370.1 COL 2 1$g1$i2023000182956$lle023$op$pE15.00$q-$rn$so $t0$u0$v0$w0$x0$y.i15923319$z11-03-20 945 $aLE023 370.1 COL 2 1/1$g2$i2023000182963$lle023$op$pE15.00$q-$rl$s- $t0$u2$v1$w2$x0$y.i15923320$z11-03-20 945 $aLE023 370.1 COL 2 1/2$g3$i2023000182970$lle023$op$pE15.00$q-$rl$s- $t0$u1$v0$w1$x0$y.i15923332$z11-03-20 945 $aLE023 370.1 COL 2 1/3$g4$i2023000182987$lle023$op$pE15.00$q-$rl$s- $t0$u0$v0$w0$x0$y.i15923344$z11-03-20 945 $aLE023 370.1 COL 2 1/4$g5$i2023000182994$lle023$op$pE15.00$q-$rl$s- $t0$u0$v0$w0$x0$y.i15923356$z11-03-20 996 $aComunità come risorsa$91752196 997 $aUNISALENTO 998 $ale023$b09-03-20$cm$da $e-$fita$git $h3$i0